[Event "Aut_chT_0910"]
[Site "Baden"]
[Date "2010.03.30"]
[Round "11"]
[Board "1"]
[White "Kuthan, Andreas"]
[Black "Luther, Thomas"]
[Result "0-1"]
[WhiteElo "2220"]
[BlackElo "2577"]
[PlyCount "60"]
[EventDate "2009.11.06"]
[EventType "team"]
[EventRounds "11"]
[EventCountry "AUT"]
[WhiteTeam "ASVOE Pamhagen"]
[BlackTeam "Styria Graz"]

1.d4 d5 2.Nf3 e6 3.c4 Nf6 4.g3 dxc4 5.Bg2 a6 6.O-O Nc6 7.Nc3 Rb8 8.Bg5 Be7 9.e3
b5 10.Qe2 O-O 11.b3 cxb3 12.axb3 Bb7 13.Rfc1 Nb4 14.Ne5 Bxg2 15.Kxg2 h6 16.Bxf6
Bxf6 17.Nd3 Nxd3 18.Qxd3 c5 19.Ne4 cxd4 20.Nxf6+ Qxf6 21.Qxd4 Qxd4 22.exd4 Rb6
23.Rc7 Rd8 24.Rd1 Rbd6 25.Ra1 g5 26.Kf3 Kg7 27.Ke3 Kg6 28.h3 Rxd4 29.Rxa6 Rd2
30.Kf3 R8d5

[Event "Aut_chT_0910"]
[Site "Baden"]
[Date "2010.03.30"]
[Round "11"]
[Board "2"]
[White "Nanu, Ciprian Costica"]
[Black "Vitouch, Anatol"]
[Result "1/2-1/2"]
[WhiteElo "2506"]
[BlackElo "2288"]
[PlyCount "114"]
[EventDate "2009.11.06"]
[EventType "team"]
[EventRounds "11"]
[EventCountry "AUT"]
[WhiteTeam "Styria Graz"]
[BlackTeam "ASVOE Pamhagen"]

1.d4 Nc6 2.Nf3 d5 3.e3 Bg4 4.Bb5 e6 5.h3 Bxf3 6.Qxf3 Qf6 7.Nd2 Qxf3 8.Nxf3 Nge7
9.Bd2 a6 10.Bd3 Nf5 11.c3 Nd6 12.O-O Be7 13.Rfc1 f5 14.b3 Ne4 15.Be1 O-O 16.c4
Rfc8 17.a3 Bf6 18.b4 Nd8 19.Ne5 Bxe5 20.dxe5 Nf7 21.f4 c6 22.Ra2 h5 23.Rac2 Kf8
24.a4 Ke8 25.Be2 g6 26.Bf3 Kd7 27.Rd1 Ke8 28.Bh4 Kd7 29.Be2 Ke8 30.Be1 Nh6
31.Rb2 Nf7 32.Rdb1 Nd8 33.g4 hxg4 34.hxg4 Kf7 35.Rd1 Kg7 36.gxf5 gxf5 37.Bh5 Nf7
38.Rg2+ Kf8 39.Bh4 Nh6 40.Rg6 Ng4 41.Bxg4 fxg4 42.Rxe6 Re8 43.cxd5 Nc3 44.Rd3
Nxd5 45.Rg6 Kf7 46.Rxg4 Rg8 47.Bg5 Ke6 48.e4 Nxf4 49.Rd6+ Kxe5 50.Bxf4+ Kxe4
51.Bg5+ Kf5 52.Rg2 Rxg5 53.Rxg5+ Kxg5 54.Rd7 Rb8 55.Kf2 Kf5 56.Ke3 Ke6 57.Rh7
Kd5

[Event "Aut_chT_0910"]
[Site "Baden"]
[Date "2010.03.30"]
[Round "11"]
[Board "4"]
[White "Ruck, Robert"]
[Black "Nolz, Tom"]
[Result "1-0"]
[WhiteElo "2570"]
[BlackElo "2056"]
[PlyCount "67"]
[EventDate "2009.11.06"]
[EventType "team"]
[EventRounds "11"]
[EventCountry "AUT"]
[WhiteTeam "Styria Graz"]
[BlackTeam "ASVOE Pamhagen"]

1.Nf3 g6 2.d4 Bg7 3.e4 d6 4.Bc4 Nf6 5.Qe2 O-O 6.O-O c6 7.Bb3 Bg4 8.Nbd2 e5
9.dxe5 dxe5 10.h3 Bxf3 11.Nxf3 Nbd7 12.c3 Qe7 13.Bd2 Nh5 14.g3 Kh8 15.Rad1 Nc5
16.Bc2 Ne6 17.Kh2 Rad8 18.b4 b6 19.Bb3 Bf6 20.Be3 Nhg7 21.Qa6 Qc7 22.Kg2 Be7
23.Bh6 Rxd1 24.Rxd1 Rd8 25.Rxd8+ Bxd8 26.Qd3 Bf6 27.h4 Kg8 28.Nh2 Qc8 29.Ng4
Nf4+ 30.Bxf4 Qxg4 31.Bxe5 Nh5 32.Qc4 Qd7 33.Bxf6 Nxf6 34.e5

[Event "Aut_chT_0910"]
[Site "Baden"]
[Date "2010.03.30"]
[Round "11"]
[Board "6"]
[White "Wittmann, Walter"]
[Black "Rusek, Walter"]
[Result "1-0"]
[WhiteElo "2294"]
[BlackElo "1849"]
[PlyCount "93"]
[EventDate "2009.11.06"]
[EventType "team"]
[EventRounds "11"]
[EventCountry "AUT"]
[WhiteTeam "Styria Graz"]
[BlackTeam "ASVOE Pamhagen"]

1.e4 e6 2.d4 d5 3.Nd2 dxe4 4.Nxe4 Bd7 5.Nf3 Bc6 6.Ned2 Nd7 7.Bd3 Ngf6 8.O-O Be7
9.Re1 O-O 10.c3 Re8 11.Nc4 b6 12.Nce5 Nxe5 13.dxe5 Ne4 14.Nd4 Nc5 15.Bxh7+ Kxh7
16.Nxc6 Qd5 17.Qc2+ Qd3 18.Qxd3+ Nxd3 19.Rd1 Nc5 20.Be3 Kg6 21.b3 f6 22.Nxe7+
Rxe7 23.exf6 gxf6 24.f3 Rh8 25.Rd2 Kf5 26.Rad1 Nb7 27.Rd7 Rhh7 28.Rxe7 Rxe7
29.g4+ Kg6 30.h4 Nd6 31.Kg2 e5 32.Kh3 Nb5 33.c4 Nc3 34.Rd2 Nb1 35.Rd8 Nc3 36.a4
Ne2 37.h5+ Kf7 38.Kh4 Nf4 39.Bxf4 exf4 40.Rd4 Re3 41.Rxf4 Rxb3 42.g5 Rb4
43.Rxf6+ Ke7 44.h6 Rxc4+ 45.Kh5 Rxa4 46.h7 Ra1 47.Rh6

[Event "Aut_chT_0910"]
[Site "Baden"]
[Date "2010.03.30"]
[Round "11"]
[Board "2"]
[White "Vavrak, Peter"]
[Black "Schneider, Ilja"]
[Result "0-1"]
[WhiteElo "2470"]
[BlackElo "2497"]
[PlyCount "88"]
[EventDate "2009.11.06"]
[EventType "team"]
[EventRounds "11"]
[EventCountry "AUT"]
[WhiteTeam "ASVOE SK Lackenbach"]
[BlackTeam "ASVOE Wulkaprodersdorf"]

1.c4 Nf6 2.Nc3 c5 3.g3 d5 4.cxd5 Nxd5 5.Nxd5 Qxd5 6.Nf3 b6 7.Bg2 Bb7 8.O-O e6
9.d3 Be7 10.Be3 O-O 11.Qd2 Nc6 12.Rfc1 Rac8 13.Qd1 Bf6 14.Rc2 Rfd8 15.Qf1 Nb4
16.Rd2 Qh5 17.a3 Nxd3 18.Rb1 Ne5 19.Nxe5 Bxg2 20.Qxg2 Rxd2 21.Bxd2 Qxe5 22.Bc3
Qxe2 23.Qb7 Rd8 24.Qxa7 Qc2 25.Rf1 Bxc3 26.bxc3 Qb3 27.Qc7 Ra8 28.Qc6 Rd8 29.Qc7
Rf8 30.a4 h6 31.Ra1 Ra8 32.Qc6 Rd8 33.c4 g6 34.h4 h5 35.Kg2 Rd2 36.a5 Qb2 37.Rf1
bxa5 38.Qxc5 a4 39.Qa7 a3 40.c5 a2 41.c6 Qc3 42.Qa8+ Kg7 43.Qa4 Rc2 44.Ra1 Qc5

[Event "Aut_chT_0910"]
[Site "Baden"]
[Date "2010.03.30"]
[Round "11"]
[Board "3"]
[White "Kraemer, Martin"]
[Black "Bokros, Albert"]
[Result "1-0"]
[WhiteElo "2496"]
[BlackElo "2479"]
[PlyCount "97"]
[EventDate "2009.11.06"]
[EventType "team"]
[EventRounds "11"]
[EventCountry "AUT"]
[WhiteTeam "ASVOE Wulkaprodersdorf"]
[BlackTeam "ASVOE SK Lackenbach"]

1.d4 d5 2.c4 e6 3.Nf3 Nf6 4.g3 Bb4+ 5.Bd2 Be7 6.Bg2 O-O 7.O-O c6 8.Bf4 b6 9.Nc3
Ba6 10.cxd5 cxd5 11.Rc1 Bb7 12.Ne5 Nfd7 13.Nc4 Nf6 14.Nb5 Bc6 15.Nca3 Ne8
16.Bxb8 Bxb5 17.Nxb5 Qxb8 18.e4 a6 19.Nc3 dxe4 20.Nxe4 Ra7 21.Qb3 Rc7 22.Nc5 Qa7
23.Nd3 b5 24.Rxc7 Qxc7 25.Rc1 Qb6 26.d5 exd5 27.Bxd5 Nf6 28.Bxf7+ Kh8 29.Qe6 Qa7
30.Rc8 Bd8 31.Ne5 Qd4 32.Bg6 Qd1+ 33.Kg2 Qd5+ 34.Qxd5 Nxd5 35.Be4 Nf6 36.Bb7 Be7
37.Rc7 Bb4 38.Bxa6 Re8 39.f4 g5 40.Bxb5 Rb8 41.Nf7+ Kg8 42.Bc4 gxf4 43.gxf4 Bd2
44.Nd8+ Kh8 45.Ne6 Ba5 46.Rf7 Ne4 47.Rf8+ Rxf8 48.Nxf8 Kg7 49.Nxh7

[Event "Aut_chT_0910"]
[Site "Baden"]
[Date "2010.03.30"]
[Round "11"]
[Board "6"]
[White "Stranz, Richard"]
[Black "Volkmann, Friedrich Karl"]
[Result "1/2-1/2"]
[WhiteElo "2214"]
[BlackElo "2404"]
[PlyCount "156"]
[EventDate "2009.11.06"]
[EventType "team"]
[EventRounds "11"]
[EventCountry "AUT"]
[WhiteTeam "ASVOE SK Lackenbach"]
[BlackTeam "ASVOE Wulkaprodersdorf"]

1.e4 c5 2.Nf3 Nc6 3.d4 cxd4 4.Nxd4 Nf6 5.Nc3 e5 6.Ndb5 d6 7.Bg5 a6 8.Na3 Be6
9.Nc4 Rc8 10.Nd5 Nb4 11.Bxf6 gxf6 12.Nxb4 Bxc4 13.c3 Be6 14.Be2 Bh6 15.O-O Rc5
16.Bg4 Rg8 17.h3 Qb6 18.Qa4+ Qb5 19.Qxb5+ Rxb5 20.a4 Rc5 21.Rfd1 Ke7 22.Bf5 Rh8
23.Rd3 a5 24.Nd5+ Bxd5 25.Rxd5 Rxd5 26.exd5 Bg7 27.Kf1 h6 28.Ke2 Rb8 29.Kd3 b5
30.Kc2 Kd8 31.b4 axb4 32.cxb4 bxa4 33.Rxa4 Kc7 34.Kb3 Kb6 35.Ra2 Bf8 36.Rc2 Ra8
37.Bd7 Be7 38.Rc6+ Kb7 39.Rc4 Rg8 40.g4 Rd8 41.Bf5 Ra8 42.Rc6 h5 43.gxh5 Rh8
44.h6 Rxh6 45.Rc8 Rh5 46.Bg4 f5 47.Bxh5 Kxc8 48.Bxf7 Bh4 49.Be6+ Kc7 50.Bxf5
Bxf2 51.Kc4 Be1 52.Bd3 Kd8 53.Bf5 Kc7 54.Bg6 Kd8 55.Bc2 Kd7 56.Bf5+ Kc7 57.b5
Ba5 58.h4 Kb6 59.h5 Bd2 60.Kd3 Bh6 61.Bd7 Kc5 62.Ke4 Bc1 63.Be8 Bd2 64.Kf5 Be3
65.Ke6 Bf4 66.Kd7 Kxb5 67.Kxd6+ Kb6 68.Bg6 e4+ 69.Ke6 e3 70.Bd3 Kc7 71.Kf5 Bh6
72.Kg6 Bf4 73.Kf5 Bh6 74.Ke6 Bf4 75.Ke7 Bg5+ 76.Ke6 Bf4 77.d6+ Bxd6 78.h6 Ba3